01000nam a2200277 i 4500001000700000003000900007005001700016007000300033008004100036020001800077080002500095080000700120100003600127245007400163260005300237300002200290490003400312504003400346600006700380650004300447650002900490830004200519852002100561999001900582952012100601107036ES-MaACL20251014063143.0t|061121s1978 sp |||| | spa d a84-265-5315-X a1 Spinoza, Baruch de a211 aMorales, Carlos, d1959-98297710aBaruch Spinoza : btratado teológico político / cCarlos Morales. aMadrid : bEmesa [Magisterio Español], c1978. a254 p. ; c19 cm.1 aCrítica filosófica ; v16 aBibliografía: p. [247]-249.14aSpinoza, Benedictus de-xCrítica e interpretación.9107753 7aReligión y filosofía2embne916811 0aLibrepensamiento.9144231 aCrítica filosófica ; v169181774 aES-MaACLjA-8561 c107036d107036 00104070aATENEOMbATENEOMcDEPO1d2008-01-17eSCl0oA-8561p1111719r2023-02-23 00:00:00w2023-02-23yMONOGRAFIA